Responses for Show #9146 - Monday, July 15, 2024

Isaac Hirsch game 9.

Contestants

[<< previous game]

Brenna Sniatecki, a drama club director from Rochester, New York

James Hayakawa, a non-profit program officer and actor originally from Davis, California

Isaac Hirsch, a customer support team lead from Burbank, California (whose 8-day cash winnings total $195,389)

[next game >>]

Jeopardy! Round responses

"I" ON HISTORY
TV SHOWS BY CHARACTER
COLLEGE IN NEW ENGLAND
FROM THE DUTCH
GOOD AFTERNOON
EXTREME WEATHER
(Glen: I'm Glen Powell.) (Daisy: And I'm Daisy Edgar-Jones.) (Glen: We deal with some extreme weather in the new movie Twisters.) (Daisy: And now it's your turn to deal with some in the clues we present.)
    $200 23
the Iron Age

James
    $200 26
The X-Files

Brenna
    $200 30
Dartmouth

Isaac
    $200 27
a cruise

Isaac
    $200 28
(Isaac: What is... a Moscow Mule?)

a gin & tonic

IsaacBrenna
    $200 29
(Ken: And our thanks to Daisy and Glen for helping us out with those clues; their movie Twisters is in theaters July 19th.)

a sandstorm

James
    $400 22
Iraq & Iran

Brenna
    $400 21
Community

Isaac
    $400 25
Providence

Isaac
    $400 19
bluff

Isaac
    $400 9
Will Ferrell

James
    $400 24
London

Isaac
    $600 1
indentured

James
    $600 2
Fallout

James
    $600 10
(Isaac: What is... Connecticut?)

Vermont

Isaac
Triple Stumper
    $600 6
smack

Isaac
    $600 8
chillax

Brenna
    $600 12
Death Valley

Isaac
    $800 7
Isabella

Brenna
    $800 3
The Good Place

James
    $800 11
Smith

James
    $800 5
(James: What is Orange?)
...
(Ken: That would be [*], word for brown.)

the Boston Bruins

James
Triple Stumper
    $800 4
clotted cream

Brenna
    $800 14
a hailstone

Isaac
    $1000 13
indulgences

James
    $1000 15
(Brenna: [Laughs] What is Transformers?)

The Boys

IsaacBrenna
    $1,400 20
Brandeis

Isaac
    $1000 18
a cruller

Brenna
    $1000 17
The Afternoon of a Faun

Isaac
    $1000 16
(James: What is a flash flood?)

a storm surge

James
Triple Stumper

Scores at the first commercial break (after clue 15):

Isaac James Brenna
$2,400 $3,400 $1,200

Scores at the end of the Jeopardy! Round:

Isaac James Brenna
$6,600 $2,800 $3,000

Double Jeopardy! Round responses

THE WORLD IN 1776
FRUITS & VEGETABLES
ONE-WORD SONG TITLES
FASHION IN BOOKS
U.S. GEOGRAPHY
TO THE "NTH" POWER
    $400 25
"Rock Of Ages"

Brenna
    $400 28
(James: What is apple?)

a grapefruit

James
Triple Stumper
    $400 8
"Flowers"

Isaac
    $400 27
Marley

Brenna
    $400 30
Springfield

James
    $400 29
(Isaac: What is... hyacinth?)

menthol

IsaacBrenna
    $800 24
New Jersey

Triple Stumper
    $800 23
sweet potato

James
    $800 7
Mariah Carey

Brenna
    $3,000 26
Scout

Brenna
    $800 17
(Brenna: What is the Potomac?)

Boston Harbor

IsaacBrenna
    $800 19
(James: What is a month?)

bimonthly

IsaacJames
    $1200 5
(Brenna: What is Bolivia?)
(Isaac: What is the Amazon?)

the Rio de la Plata region

IsaacBrenna
Triple Stumper
    $1200 20
(Brenna: What are raspberries?)

mulberry

JamesBrenna
    $1200 2
"Radioactive"

Isaac
    $1200 10
Little Lord Fauntleroy

Isaac
    $1200 1
Colorado State Universtity

Isaac
    $1200 14
the labyrinth

Triple Stumper
    $1600 6
(San Juan) Capistrano

Brenna
    $1600 21
a sunchoke

Brenna
    $1600 3
"Believe"

Isaac
    $1600 11
Miranda Priestly

Triple Stumper
    $1600 9
(James: What is Mackinac?)

Saginaw Bay

James
Triple Stumper
    $1600 15
a plinth

James
    $3,000 13
(Isaac: What is... sulfur gas?)

methane

Isaac
    $2000 22
Romanesco

Triple Stumper
    $2000 4
"Fancy"

Triple Stumper
    $2000 12
(Patrick) Bateman

Isaac
    $2000 16
Little Diomede

Triple Stumper
    $2000 18
a coelacanth

Brenna

Scores at the end of the Double Jeopardy! Round:

Isaac James Brenna
$11,200 $4,000 $10,000

[wagering suggestions for these scores]

Final Jeopardy! Round responses

NEWER WORDS
JamesWhat is performative? ♡F
$1,200
BrennaWhat is [letter scratched out] verbin
$2,000
IsaacWhat is performative?
$8,801
performative

Final scores:

Isaac James Brenna
$20,001 $5,200 $8,000
9-day champion: $215,390 3rd place: $2,000 2nd place: $3,000

Game dynamics:

Coryat scores:

Isaac James Brenna
$13,800 $4,000 $7,800
20 R
(including 1 DD),
5 W
(including 1 DD)
12 R,
5 W
15 R
(including 1 DD),
4 W

Combined Coryat: $25,600

[game clues] [game scores] [suggest correction]

Game tape date: 2024-05-23
The J! Archive is created by fans, for fans. Scraping, republication, monetization, and malicious use prohibited; this site may use cookies and collect identifying information. See terms. The Jeopardy! game show and all elements thereof, including but not limited to copyright and trademark thereto, are the property of Jeopardy Productions, Inc. and are protected under law. This website is not affiliated with, sponsored by, or operated by Jeopardy Productions, Inc. Join the discussion at JBoard.tv.